Samachar sankalpna aavam anuvad/ (Record no. 168051)

000 -LEADER
fixed length control field 00208nam a22000977a 4500
082 ## - DEWEY DECIMAL CLASSIFICATION NUMBER
Classification number
Item number
245 ## - TITLE STATEMENT
Title Samachar sankalpna aavam anuvad/
260 ## - PUBLICATION, DISTRIBUTION, ETC.
Place of publication, distribution, etc. New Delhi:
Name of publisher, distributor, etc. Jawahar,
Date of publication, distribution, etc. 2008.
650 ## - SUBJECT ADDED ENTRY--TOPICAL TERM
Topical term or geographic name entry element
942 ## - ADDED ENTRY ELEMENTS (KOHA)
Koha item type Book
Holdings
Withdrawn status Lost status Damaged status Not for loan Permanent Location Current Location Shelving location Date acquired Cost, normal purchase price Total Checkouts Barcode Date last seen Price effective from Koha item type
        RC Thiruvananthapuram RC Thiruvananthapuram   19.11.2018 250.00   TV014585 19.11.2018 19.11.2018 Book